000 00806cam a22002293a 4500
001 33000
003 PGUSA
005 20140828083720.0
008 100718s2010||||xxu|||||s|||||000 | eng d
040 _aPGUSA
_beng
042 _adc
050 4 _aE151
100 1 _aMorris, Charles,
_d1833-1922
245 1 2 _aA New History of the United States :
_bThe greater republic, embracing the growth and achievements of our country from the earliest days of discovery and settlement to the present eventful year
_h[electronic resource] /
_cCharles Morris
260 _bProject Gutenberg,
_c2010
506 _aPublic domain in the USA.
516 _aElectronic text
653 _aUnited States -- History
830 0 _aProject Gutenberg
_v33000
856 4 0 _uhttp://www.gutenberg.org/ebooks/33000
942 _cEB
999 _c262255
_d262255